The Cambridge Companion to Kant.

Salvato in:
Dettagli Bibliografici
Altri autori: Guyer, Paul (Redattore)
Natura: Libro
Pubblicazione: Cambridge, United Kingdom: Cambridge University Press, 1992.
Soggetti:
Tags: Aggiungi Tag
Nessun Tag, puoi essere il primo ad aggiungerne!!

MARC

LEADER 00000nam a22000007a 4500
003 CL-VaPUC
005 20241127095614.0
008 241118t1992 ||||| |||| 00| 0 eng d
999 |c 445775  |d 445773 
020 |a 978-0-521-36768-4 
040 |c Pontificia Universidad Católica de Valparaíso 
082 7 |a 193 GUY 1992   |2 22 
100 1 |a Guyer, Paul   |e editor  |9 893936 
245 1 4 |a The Cambridge Companion to Kant.  
260 |a Cambridge, United Kingdom:  |b Cambridge University Press,   |c 1992. 
300 |a xii, 482 páginas.  
500 |a c.1. Compra Magister en Filosofía. Biblioteca de Educación Memo s/n 13-11-2024 
583 |c 20241118  |k Cristina María Rojas Aguilar 
600 0 |a Kant, Immanuel,   |9 878586  |d 1724-1804  |x Crítica e interpretación  
942 |2 ddc  |c BK 
952 |0 0  |1 0  |2 ddc  |4 0  |6 193_000000000000000_GUY_1992  |7 0  |8 A  |9 598098  |a BIBEDU  |b BIBEDU  |d 2024-11-18  |i 5663285  |o 193 GUY 1992  |p 5663285  |r 2024-11-18  |t 1  |w 2024-11-18  |y BK  |k FIL